ბათუმის შოთა რუსთაველის სახელმწიფო უნივერსიტეტის ბიბლიოთეკა

ძველი განაშენიანების საცხოვრებელი სახლების ტექნიკური ექსპერტიზა / (ბიბ.ჩანაწერი № 59292)

000 -ლიდერი
ფიქსირებული სიგრძის საკონტროლო ველი 01635nam a22002417a 4500
003 - საკონტროლო ნომრის იდენტიფიკატორი
საკონტროლო ველი Ge_BSU
005 - ბოლო ოპერაციის თარიღი და დრო
საკონტროლო ველი 20221230124721.0
008 - ფიქსირებული სიგრძის მონაცემთა ელემენტები - ზოგადი ინფორმაცია
ფიქსირებული სიგრძის საკონტროლო ველი 221230s2022ge xxu||||| |||| 00| 0 geo d
020 ## - წიგნის საერთაშორისო სტანდარტული ნომერი
International Standard Book Number 9789941287244
041 ## - ენის კოდი
Language code of text/sound track or separate title geo
080 ## - უნივერსალური ათობითი კლასიფიკაციის ინდექსი
Universal Decimal Classification number 624 ძ-49
245 ## - ცნობა სათაურის შესახებ
Title ძველი განაშენიანების საცხოვრებელი სახლების ტექნიკური ექსპერტიზა /
Statement of responsibility, etc როინ იმედაძე, თინათინ მაღრაძე, გელა ყიფიანი [და სხვ.] რედ. ნ.სუხიტაშვილი
264 ## - წარმოების, გამოცემის, დისტრიბუციის და სხვა ცნობები
გამოცემის, წარმოების, დისტრიბუციის... ადგილი თბილისი :
გამოცემის, წარმოების, დისტრიბუციის... სახელწოდება ტექნიკური უნივერსიტეტი,
გამოცემის, წარმოების, დისტრიბუციის... თარიღი 2022.
300 ## - ფიზიკური აღწერა
Extent 162 გვ.:
Other physical details ილ.;
Dimensions 29 სმ.
504 ## - BIBLIOGRAPHY, ETC. NOTE
Bibliography, etc ბიბლიოგრაფ.გვ:161-162
653 ## - INDEX TERM--UNCONTROLLED
Uncontrolled term წიგნში მოცემულია XVIII საუკუნის ბოლოსა და XX საუკუნის დასაწყისში ჩვენს ქვეყანაში აშენებული სახლების ტექნიკური ჩატარების ექსპერტიზა
653 ## - INDEX TERM--UNCONTROLLED
Uncontrolled term მშენებლობა
700 ## - ADDED ENTRY--PERSONAL NAME
Personal name იმედაძე, როინ
Relator term ავტორი
9 (RLIN) 16662
700 ## - ADDED ENTRY--PERSONAL NAME
Personal name მაღრაძე, თინათინ
Relator term ავტორი
9 (RLIN) 16663
700 ## - ADDED ENTRY--PERSONAL NAME
Personal name ყიფიანი, გელა და სხვ
Relator term ავტორი
9 (RLIN) 16664
700 ## - ADDED ENTRY--PERSONAL NAME
Personal name სუხიტაშვილი, ნ
Relator term რედაქტორი
9 (RLIN) 16665
942 ## - ADDED ENTRY ELEMENTS (KOHA)
Source of classification or shelving scheme
Koha item type წიგნი
ეგზემპლარები
ჩამოწერის სტატუსი დაკარგული ეგზემპლარის სტატუსი კლასიფიკაციის წყარო ან თაროზე გაწყობის სქემა დაზიანების სტატუსი არ გაიცემა მუდმივი მდებარეობა (დაცვის ადგილი) ამჟამინდელი ადგილსამყოფელი თაროზე განთავსების ადგილი შეძენის თარიღი ღირებულება, შესყიდვის ნორმალური ფასი სრული შენახვის შიფრი შტრიხკოდი ბოლო ოპერაციის თარიღი ეგზემპლარის მიმდევრობითი ნომერი (კეტერი?) ფასის ძალაში შესვლის თარიღი ეგზემპლარის სახეობა საჯარო შენიშვნა
          ბათუმის შოთა რუსთაველის სახელმწიფო უნივერსიტეტის მთავარი ბიბლიოთეკა ბათუმის შოთა რუსთაველის სახელმწიფო უნივერსიტეტის მთავარი ბიბლიოთეკა წიგნსაცავი 2022-12-30 12.00 624 (075.8) ძ-49 63439 2022-12-30 63439 2022-12-30 წიგნი 12.00